Dr. S. R. Lasker Library Online Catalogue

Home      Library Home      Institutional Repository      E-Resources      MyAthens      EWU Home

The newspaper designer's handbook / (Record no. 5586)

MARC details
000 -LEADER
fixed length control field 01435cam a2200349 a 4500
001 - CONTROL NUMBER
control field 5586
003 - CONTROL NUMBER IDENTIFIER
control field BD-DhEWU
005 - DATE AND TIME OF LATEST TRANSACTION
control field 20181126154109.0
008 - FIXED-LENGTH DATA ELEMENTS--GENERAL INFORMATION
fixed length control field 010509s2002 maua g 001 0 eng d
020 ## - INTERNATIONAL STANDARD BOOK NUMBER
International Standard Book Number 0072407611 (pbk. : alk. paper)
International Standard Book Number 9780072407617
035 ## - SYSTEM CONTROL NUMBER
System control number (OCoLC)46975157
040 ## - CATALOGING SOURCE
Original cataloging agency DLC
Transcribing agency DLC
Modifying agency DLC
-- BD-DhEWU
Language of cataloging eng
041 ## - LANGUAGE CODE
Language code of text/sound track or separate title eng
050 00 - LIBRARY OF CONGRESS CALL NUMBER
Classification number Z253.5
Item number .H27 2002
082 04 - DEWEY DECIMAL CLASSIFICATION NUMBER
Classification number 686.2252
Item number HAN 2002
100 1# - MAIN ENTRY--PERSONAL NAME
Personal name Harrower, Tim.
9 (RLIN) 16602
245 14 - TITLE STATEMENT
Title The newspaper designer's handbook /
Statement of responsibility, etc written & designed by Tim Harrower.
250 ## - EDITION STATEMENT
Edition statement 5th ed.
260 ## - PUBLICATION, DISTRIBUTION, ETC. (IMPRINT)
Place of publication, distribution, etc Boston :
Name of publisher, distributor, etc McGraw-Hill,
Date of publication, distribution, etc c2002.
300 ## - PHYSICAL DESCRIPTION
Extent 264 p. :
Other physical details ill. col. ;
Dimensions 28 cm.
500 ## - GENERAL NOTE
General note System requirements for accompanying computer disc: Windows (OS95 and up) or Mac (OS 8.1 and up) 24 MB RAM, 4X CD-ROM drive, Netscape (version 4.0 or higher) or Microsoft IE browser (version 5.0 or higher).
504 ## - BIBLIOGRAPHY, ETC. NOTE
Bibliography, etc Includes index.
505 ## - FORMATTED CONTENTS NOTE
Title TOC
Formatted contents note 1. Fundamentals --<br/>2. Story design --<br/>3. Page design --<br/>4. Photos & art --<br/>5. Nuts & bolts --<br/>6. Graphics & sidebars --<br/>7. Special effects --<br/>8. Redesigning --<br/>9. Web design.
526 ## - STUDY PROGRAM INFORMATION NOTE
Program name ICE
590 ## - LOCAL NOTE (RLIN)
Local note Tahur Ahmed
650 #0 - SUBJECT ADDED ENTRY--TOPICAL TERM
Topical term or geographic name as entry element Newspaper layout and typography.
9 (RLIN) 16603
856 42 - ELECTRONIC LOCATION AND ACCESS
Materials specified WorldCat details
Uniform Resource Identifier http://www.worldcat.org/title/newspaper-designers-handbook/oclc/46975157&referer=brief_results
942 ## - ADDED ENTRY ELEMENTS (KOHA)
Source of classification or shelving scheme Dewey Decimal Classification
Koha item type Text
Holdings
Withdrawn status Lost status Source of classification or shelving scheme Damaged status Not for loan Collection code Home library Current library Shelving location Date acquired Source of acquisition Cost, normal purchase price Total Checkouts Full call number Barcode Copy number Koha item type Date last seen Price effective from
    Dewey Decimal Classification   Not For Loan Non-fiction Dr. S. R. Lasker Library, EWU Dr. S. R. Lasker Library, EWU Reserve Section 31/07/2007 Karim International 1584.00   686.2252 HAN 2002 20837 C-2 Text    
    Dewey Decimal Classification       Dr. S. R. Lasker Library, EWU Dr. S. R. Lasker Library, EWU   31/07/2007 Karim International 1584.00   686.2252 HAN 5850-20836 C-1 Text    
    Dewey Decimal Classification     Non-fiction Dr. S. R. Lasker Library, EWU Dr. S. R. Lasker Library, EWU Audio Visual 31/07/2007 Karim International     686.2252 HAN 2002 CD-1191 C-1 CDs & DVDs 02/12/2014 02/12/2014
    Dewey Decimal Classification     Non-fiction Dr. S. R. Lasker Library, EWU Dr. S. R. Lasker Library, EWU Audio Visual 31/07/2007 Karim International     686.2252 HAN 2002 CD-1192 C-2 CDs & DVDs 02/12/2014 02/12/2014